00696nam a2200253Ia 450000100060000000300090000600800410001504000130005604000130006904100130008210000220009510000290011724500270014624500220017325000110019526000110020626000300021726000490024730000390029665000280033565000310036370000200039470000280041421930IT-RoPAU130308s9999 xx 000 0 und d aIT-RoPAU cIT-RoPAU aITALIANO aLupo Michelangelo gCodice Aut. SPICS: 2221 aPercorso di Sutherland bGraham Sutherland a1a ed. aTRENTO bMuseo Provinciale D'Arte  c1981 [1° Ed.:1981 - Ed.Ling.Originale:1981] a"3 p. (prefazione: no ; testo: 3)" aAUTORI/OPERE DI PITTURA eCodice materia Spics: 5207 aBelli Gabriella gCodice Aut. SPICS: 2222